000 00867nam a2200265Ia 4500
003 OSt
005 20220927115044.0
006 a|||||r|||| 00| 0
007 ta
008 220926b |||||||| |||| 00| 0 eng d
024 _a97651
037 _cThesis and Dissertations
040 _aRTL
_cRTL
_beng
041 _2eng
_aeng
082 _a"X9(F195):546.2.N7, M1"
100 _aGupta N C
_9390388
110 _aUniversity of Delhi. Deptt of Economics
_9390389
245 0 _aProductivity investment and import substitution in
260 _aDelhi
_bUniverstiy of Delhi India
_c1981
300 _a174p.
_ccm.
650 _aNon Ferrous Metals Industry
_9390390
700 _aUniversity of Delhi. Deptt of Economics
_9390391
942 _h"X9(F195):546.2.N7, M1"
_cCC
999 _c705640
_d705640